000
003100000a22001330004500
041
0
_a
SPA
082
0
4
_a
G 868 B8879b
100
1
_a
Bruchez, Dardo y Nervo
245
1
0
_a
Barsadoc : Y otros cuentos / Dardo y Nervo Bruchez
260
_a
Temuco, Chile : Alianza
300
_a
95 Pag
001
11172
942
_c
BK
999
_c
40538
_d
40538